| 000 | 00453cam a2200157u 4500 | ||
|---|---|---|---|
| 082 |
_a778.35 _bLUE _cL-13. P-05 |
||
| 100 | 1 |
_aLueder, Donald R. _946154 |
|
| 245 | 1 | 0 | _aAerial photographic interpretation: |
| 260 |
_aNew York, _bMcGraw-Hill, _c1959. |
||
| 300 |
_ap. cm. _bill. _c25cm |
||
| 526 |
_a0 _b0 _c0 _d778_350000000000000_LUE |
||
| 650 | 0 |
_aAerial photography. _920851 |
|
| 650 | 0 |
_aMCE _9379 |
|
| 650 | 0 | _aPhotographic surveying. | |
| 942 |
_2ddc _cBK |
||
| 999 |
_c549498 _d549498 |
||